| 000 | 00443nam a2200181Ia 4500 | ||
|---|---|---|---|
| 001 | 16020 | ||
| 005 | 20260306170238.0 | ||
| 008 | 260306t2024||||xx |||||||||||||| ||und|| | ||
| 041 | _aESP | ||
| 082 |
_a346.52 _bP26 |
||
| 100 |
_aParada Gonzales, José Luis, _eAUT |
||
| 245 | 0 | _aLa responsabilidad civil del abogado | |
| 260 | _c2024 | ||
| 300 |
_a217 páginas : _c25 cm. |
||
| 650 | _aGEN | ||
| 654 | _aCDE | ||
| 942 |
_cLIB _dJUS _fJUS _2ddc _n |
||
| 999 |
_c16020 _d16020 |
||